000 00378nam a2200157Ia 4500
100 _aBolton/W
250 _a3
942 _cBK
366 _f15
654 _aMechatronics
245 _aMechatronics:Electronic control system in Mechanical and electrical engineering
260 _bPearson Education
_c2003
082 _a621.381042
_bBOL
300 _a574
546 _aENGLISH
999 _c31210
_d31210